00624nam a2200229Ia 4500008004000000041000800040082001200048100000600060245004900066260003500115650000800150650001200158650001100170650000700181650000900188650001100197650001500208690002100223906001100244999001900255952012000274210210b1902 xxu||||| |||| 00| 0 eng d aeng a335/361 a- aLand revenue policy of the Indian government aCalcuttabGovt. printingc1902 athe arevenue apolicy aof aLand aIndian agovernment aIndian Economics a004703 c127722d127722 001040708EconomicsaALbALcEconomicsd2021-02-17g0.00l0o335/361p004703r2021-02-17 00:00:00w2021-02-17yBK